Zwischen Krise und Konsolidierung Gefährdeter Systemwechsel im Osten Europas

Bibliographic Details
Other Authors: Schneider, Eleonora
Format: Book
Language:German
PhysicalDescription:429 s. ilustr. 21 cm
Published: München Carl Hanser Verlag 1995
ISBN:3446182853
Series:Jahrbuch / Bundesinstitut für Ostwissenschaftliche und Internationale Studien 1994/95
Subjects:

MARC

LEADER 00000nam a2200000 a 4500
001 vtls010090015
003 SK-MaSNL
005 20260425223029.0
008 180730s1995 gw a n 001 0 ger
015 |a SNBZSA2011-00313 
020 |a 3446182853  |q (brož.) 
040 |a SNK  |b slo  |c SNK  |e AACR2 
041 0 |a ger 
043 |a ec-----§aee----- 
044 |a gw  |c DE 
072 7 |a 32  |x Politika  |2 konspekt 
072 7 |a 330.5+338  |x Národné hospodárstvo a hospodárska politika  |2 konspekt 
072 7 |a 316.4  |x Sociálne procesy  |2 konspekt 
080 |a 321.64  |x (4-191.2)  |x (4-11)  |x (082)  |2 2001 
080 |a 338.1  |2 2001 
080 |a 316.422  |2 2001 
245 0 0 |a Zwischen Krise und Konsolidierung  |b Gefährdeter Systemwechsel im Osten Europas  |c [Hrsg.:] Bundesinstitut für Ostwissenschaftliche und Internationale Studien 
260 |a München  |b Carl Hanser Verlag  |c 1995 
300 |a 429 s.  |b ilustr.  |c 21 cm 
490 1 |a Jahrbuch / Bundesinstitut für Ostwissenschaftliche und Internationale Studien  |v 1994/95 
504 |a Obsahuje bibliografické odkazy a register 
650 0 7 |a socializmus  |2 SNKPH  |9 2151 
650 0 7 |a systémová transformácia  |2 SNKPH  |9 325021 
650 0 7 |a ekonomické reformy  |2 SNKPH  |9 2145 
650 0 7 |a trhová ekonomika  |2 SNKPH  |9 2374 
651 7 |a Európa stredná  |2 SNKPHgeo  |9 23970 
651 7 |a Európa východná  |2 SNKPH  |9 167635 
655 7 |a zborníky  |2 SNKPH  |9 70165 
700 1 2 |a Schneider, Eleonora  |t Die Slowakische Republik im Jahre drei  |9 325022 
810 2 |a Bundesinstitut für ostwissenschaftliche und Internationale Studien  |t Jahrbuch ...  |9 325023 
919 |a 3-446-18285-3 
958 |a ZS 
958 |a NB 
958 |a OND 
999 |c 575062  |d 576992 
952 |a SNK  |b SNK  |y PREZ  |7 0  |p 17A0658260  |o snkSC 140132  |i snk2010/9346  |8 2  |g 24.90  |0 0  |1 0  |4 0  |d 2010-04-29  |l 0  |r 2025-07-08 00:00:00  |w 2026-02-23